00419nam a2200145Ia 4500008004100000020001500041041001200056082001600068100002100084245010300105260002600208300000800234650001500242700001600257221030s9999 xx 000 0 und d a8187248084 aEnglish a105.23bSri aV. N. Srivastava 0aTraining Manual on Resoruce Management & Organisational Learningcby V. N. Srivastava, G. J. Gyani bRaj PubaJaipurc1999 a273 aManagement aG. J. Gyani